|
|
|
|
| LEADER |
00000ny a22000003n 4500 |
| 005 |
20110525125735.0 |
| 008 |
080609s2007 sp s 000 0 spa c |
| 020 |
|
|
|a 8480045868
|
| 035 |
|
|
|a 253
|
| 040 |
|
|
|a UMA.RE
|d vLex
|
| 080 |
|
|
|a 343.135(460)(0.034)
|
| 090 |
|
|
|c 277
|d 277
|
| 100 |
1 |
|
|a Villamarn̕ Lp̤ez, Mara̕ Luisa
|
| 245 |
1 |
3 |
|a El sobreseimiento provisional en el proceso penal
|h [Recurso electrn̤ico]
|c Mara̕ Luisa Villamarn̕ Lp̤ez
|
| 256 |
|
|
|a Servicio en ln̕ea
|
| 260 |
|
|
|a Madrid :
|b Centro de Estudios Ramn̤ Areces,
|c 2003
|
| 506 |
1 |
|
|a Contenido solo disponible en los productos indicados
|d vLex Global
|d vLex Global (Academic Edition, excluding Law Schools)
|d vLex Global (U.S. Academic Edition, Law Schools)
|d vLex Global (U.S. Academic Edition, excluding Law Schools)
|d vLex Global (Academic Edition, Law Schools)
|
| 650 |
0 |
4 |
|a Penal
|2 Tesauro vLex
|
| 650 |
0 |
4 |
|a Sobreseimiento
|2 Tesauro vLex
|
| 650 |
0 |
4 |
|a Ausn̊cia de Cautela do Apelante
|2 Tesauro vLex
|
| 650 |
0 |
4 |
|a Proceso penal
|2 Tesauro vLex
|
| 740 |
0 |
|
|a vLex Libros (Servicios en ln̕ea)
|
| 856 |
4 |
0 |
|u http://vlex.com/source/253
|z Acceso restringido
|
| 942 |
|
|
|c BOOK
|
| 999 |
0 |
|
|a Criminal law
|b Madrid
|